000 01549nac a22002771u 4500
008 081116s2006enk|||||r|||| 001 0 eng d
010 _a 2006001288
020 _a9781405133258 (pbk. : alk. paper)
020 _a1405133252 (pbk. : alk. paper)
082 0 0 _a624.068
_bHAR
_222
100 _aHarris, Frank,
_912937
245 1 0 _aModern Construction Management /
_cFrank Harris and Ronald McCaffer with Francis Edum-Fotwe.
250 _a6th ed.
260 _aOxford, UK ;
_aMalden, MA :
_bBlackwell, 2006
_c2006.
300 _a665p.:
_bill. ;
_c25 cm.
504 _aIncludes bibliographical references(p.644-653) and index.
650 0 _aConstruction industry
_xManagement.
_912938
700 1 _aMcCaffer, Ronald.
_912939
700 1 _aEdum-Fotwe, Francis.
_912940
856 4 1 _3Table of contents only
_uhttp://www.loc.gov/catdir/toc/ecip066/2006001288.html
942 _cBB
_k624.068HAR
_2ddc
999 _c2530
_d2530